| 000 | 00725nam a2200205 a 4500 | ||
|---|---|---|---|
| 005 | 20240925065437.0 | ||
| 008 | 991125s1991 mx 000 0 spa u | ||
| 035 | _aUPN01000004818 | ||
| 049 | _aF | ||
| 050 | 4 |
_aLE7.2931 N2g _bA83 1991 |
|
| 110 | 2 | _aUniversidad Pedagógica Nacional (México) | |
| 245 | 1 | 0 |
_aAspectos sociales de la educación / _cUniversidad Pedagógica Nacional ; Ma. del Carmen Jiménez Ortiz. |
| 260 |
_aMéxico : _bUPN, _c1991. |
||
| 300 | _a8 h. | ||
| 500 | _aFase: campos de formación y trabajo profesional. 3er semestre | ||
| 650 | 4 |
_aEducación _xAspectos sociales _95311 |
|
| 650 | 4 |
_aSociología de la educación _94896 |
|
| 700 | 1 |
_aJiménez Ortiz, María del Carmen, _ecoaut. |
|
| 905 | _aLibro | ||
| 999 |
_c4818 _d4818 |
||